Ampliación de estadística para ingenieros / (Record no. 34577)

MARC details
000 -LEADER
campo de control de longitud fija 00702nam a2200217 i 4500
001 - NÚMERO DE CONTROL
campo de control 34577
003 - IDENTIFICADOR DE NÚMERO DE CONTROL
campo de control ES-MaACL
007 - CAMPO FIJO DE DESCRIPCIÓN FÍSICA--INFORMACIÓN GENERAL
campo de control de longitud fija t|
008 - DATOS DE LONGITUD FIJA--INFORMACIÓN GENERAL
campo de control de longitud fija 030207s1976 sp ||||1| spa d
020 ## - NÚMERO INTERNACIONAL ESTÁNDAR DEL LIBRO
Número Internacional Estándar del Libro 335-6355-6
100 1# - ENTRADA PRINCIPAL--NOMBRE DE PERSONA
Nombre de persona Blume, Johannes.
9 (RLIN) 29589
245 10 - MENCIÓN DEL TÍTULO
Título Ampliación de estadística para ingenieros /
Mención de responsabilidad, etc. Johannes Blume ; traducción, Günter Wagner Keuerleber.
250 ## - MENCION DE EDICION
Mención de edición 1ª ed.
260 ## - PUBLICACIÓN, DISTRIBUCIÓN, ETC.
Lugar de publicación, distribución, etc. Barcelona :
Nombre del editor, distribuidor, etc. Labor,
Fecha de publicación, distribución, etc. 1976.
300 ## - DESCRIPCIÓN FÍSICA
Extensión XI, 141 p. ;
Dimensiones 20 cm.
490 1# - MENCIÓN DE SERIE
Mención de serie Nuevos manuales técnicos Labor ;
Designación de volumen o secuencia 35
700 1# - ENTRADA AGREGADA--NOMBRE PERSONAL
Nombre de persona Wagner Keuerleber, Günter.
9 (RLIN) 115858
830 0# - PUNTO DE ACCESO ADICIONAL DE SERIE-TÍTULO UNIFORME
Título uniforme Nuevos manuales técnicos Labor ;
Designación de volumen o secuencia 35
9 (RLIN) 181525
852 ## - LOCALIZACIÓN
Ubicación ES-MaACL
Número de control de estantería L-9889
Sublocalización o colección R.112143
Holdings
Estatus retirado Estado de pérdida Estado de daño No para préstamo Biblioteca de origen Biblioteca actual Ubicación en estantería Fecha de adquisición Fuente de adquisición Total de préstamos Signatura topográfica completa Código de barras Visto por última vez Precio de reemplazo Tipo de ítem Koha
        Biblioteca del Ateneo de Madrid Biblioteca del Ateneo de Madrid Depósito 2 17/01/2008     L-9889 1036065 23/02/2023 23/02/2023 Libro impreso